MARC details
| 000 -CABECERA |
| campo de control de longitud fija |
02290nam a22002897a 4500 |
| 003 - IDENTIFICADOR DEL NÚMERO DE CONTROL |
| campo de control |
OSt |
| 005 - FECHA Y HORA DE LA ÚLTIMA TRANSACCIÓN |
| campo de control |
20240724123526.0 |
| 007 - CAMPO FIJO DE DESCRIPCIÓN FÍSICA--INFORMACIÓN GENERAL |
| campo de control de longitud fija |
ta |
| 008 - DATOS DE LONGITUD FIJA--INFORMACIÓN GENERAL |
| campo de control de longitud fija |
210324b 2018 dr a 00| 0 eng d |
| 020 ## - NÚMERO INTERNACIONAL ESTÁNDAR DEL LIBRO |
| Número Internacional Estándar del Libro |
9789945168723 |
| 040 #4 - FUENTE DE LA CATALOGACIÓN |
| Centro catalogador/agencia de origen |
DO-SdBNP |
| Lengua de catalogación |
spa |
| Centro/agencia transcriptor |
BNPHU |
| 082 #4 - NÚMERO DE LA CLASIFICACIÓN DECIMAL DEWEY |
| Número de clasificación |
332 |
| Número de documento/Ítem |
C764c 2018 |
| Número de edición |
22 |
| 100 1# - ENTRADA PRINCIPAL--NOMBRE DE PERSONA |
| Nombre de persona |
Contreras Núñez, Carlos, |
| 9 (RLIN) |
52572 |
| Fechas asociadas al nombre |
1951- |
| 245 10 - MENCIÓN DE TÍTULO |
| Título |
Conceptos básicos de gestión económica y financiera / |
| Mención de responsabilidad, etc. |
Carlos Contreras Núñez ; prólogo ; Edita Rodríguez, |
| 250 ## - MENCIÓN DE EDICIÓN |
| Mención de edición |
3a. ed. |
| 260 2# - PUBLICACIÓN, DISTRIBUCIÓN, ETC. |
| Lugar de publicación, distribución, etc. |
Santo Domingo : |
| Nombre del editor, distribuidor, etc. |
Búho, |
| Fecha de publicación, distribución, etc. |
2018. |
| 300 ## - DESCRIPCIÓN FÍSICA |
| Extensión |
xxiii, 428 p. : |
| Otras características físicas |
il. , |
| Dimensiones |
28 cm. |
| 500 ## - NOTA GENERAL |
| Nota general |
Incluye datos biográficos del autor en la contracubierta |
| 504 0# - NOTA DE BIBLIOGRAFÍA, ETC. |
| Nota de bibliografía, etc. |
Bibliografía: p. 447-748 |
| 505 0# - NOTA DE CONTENIDO CON FORMATO |
| Nota de contenido con formato |
Contenido |
| Título |
Introducción -- |
| -- |
Prólogo -- |
| Información miscelánea |
Capitulo I. |
| Título |
Generalidades -- |
| Información miscelánea |
Capítulo II. |
| Título |
Régimen de sociedades comerciales en República Dominicana |
| Información miscelánea |
Capítulo III. |
| Título |
Valor del dinero en el tiempo -- |
| Información miscelánea |
Capítulo IV. |
| Título |
Estados financieros, análisis, indicadores y razones financieras -- |
| Información miscelánea |
Capítulo V. |
| Título |
Riesgos y rendimientos -- |
| Información miscelánea |
Capítulo VI. |
| Título |
Administración de capital de trabajo -- |
| Información miscelánea |
Capítulo VII. |
| Título |
Gestión de pasivos de corto plazo -- |
| Información miscelánea |
Capitulo VIII. |
| Título |
Gestión de los activos de corto plazo -- |
| Información miscelánea |
Capítulo IX. |
| Título |
Planificación financiera -- |
| Información miscelánea |
Capítulo X. |
| Título |
Presupuesto de capital, proyecto de inversión nueva, expansión y reemplazo -- |
| Información miscelánea |
Capítulo XI. |
| Título |
Mercados financieros, valuación : deudas (bonos) y acciones |
| Información miscelánea |
Capítulo XII. |
| Título |
Estructura y costo de capital, apalancamiento y punto de equilibrio -- |
| Información miscelánea |
Capítulo XIII. |
| Título |
Análisis de costos de manufacturas. Compañías manufactureras (caso objeto de estudio : zonas francas industriales) |
| Información miscelánea |
Capítulo XIV. |
| Título |
Valoración de empresas y contratos -- |
| Información miscelánea |
Capítulo XV. |
| Título |
Indexación de precios por inflación y tipo de cambio -- |
| Información miscelánea |
Capítulo XVI. |
| Título |
Control interno, auditoria interna y gestión de riesgos -- |
| Información miscelánea |
Capítulo XVII. |
| Título |
Leasing o arrendamiento -- |
| Información miscelánea |
Capitulo XVIII. |
| Título |
Bolsa de valores global y en la República Dominicana -- |
| Información miscelánea |
Capítulo XIX. |
| Título |
Fideicomiso en la República Dominicana -- |
| -- |
Estudios de casos -- |
| -- |
Bibliografía. |
| 590 ## - NOTA LOCAL (RLIN) |
| Nota local |
Inventariado, 2021 / SA |
| 650 #0 - PUNTO DE ACCESO ADICIONAL DE MATERIA--TÉRMINO DE MATERIA |
| Término de materia o nombre geográfico como elemento de entrada |
Finanzas |
| 9 (RLIN) |
641 |
| 650 #4 - PUNTO DE ACCESO ADICIONAL DE MATERIA--TÉRMINO DE MATERIA |
| Término de materia o nombre geográfico como elemento de entrada |
Economía |
| 9 (RLIN) |
78263 |
| 700 1# - PUNTO DE ACCESO ADICIONAL--NOMBRE DE PERSONA |
| Nombre de persona |
Rodríguez, Edita, |
| Término indicativo de función/relación |
pról. |
| 9 (RLIN) |
21614 |
| 910 ## - DATOS DE OPCIÓN DEL USUARIO (OCLC) |
| Datos de opción del usuario |
S/A. Validado, 2021/MFF |
| 942 ## - ELEMENTOS DE PUNTO DE ACCESO ADICIONAL (KOHA) |
| Fuente del sistema de clasificación o colocación |
Dewey Decimal Classification |
| Tipo de ítem Koha |
Libro |